Talleres escultóricos del siglo XVI en Castilla y León (Record no. 1125)

MARC details
000 -CABECERA
campo de control de longitud fija 00873nam a2200217 a 4500
001 - NÚMERO DE CONTROL
campo de control BRCA_1255
005 - FECHA Y HORA DE LA ÚLTIMA TRANSACCIÓN
campo de control 20190320203341.0
008 - DATOS DE LONGITUD FIJA--INFORMACIÓN GENERAL
campo de control de longitud fija 030108s2002 sp-#---##b---#000-0#spa-#
020 ## - NÚMERO INTERNACIONAL ESTÁNDAR DEL LIBRO
Número Internacional Estándar del Libro 8484481905
040 ## - FUENTE DE LA CATALOGACIÓN
Centro catalogador/agencia de origen DLC
Centro/agencia transcriptor DLC
050 #4 - SIGNATURA TOPOGRÁFICA DE LA BIBLIOTECA DEL CONGRESO
Número de clasificación NB809
Número de documento/Ítem .P37 2002
100 1# - ENTRADA PRINCIPAL--NOMBRE DE PERSONA
Nombre de persona Parrado del Olmo, Jesús María
9 (RLIN) 4136
245 10 - MENCIÓN DE TÍTULO
Título Talleres escultóricos del siglo XVI en Castilla y León
Resto del título arte como idea, arte como empresa comercial
Mención de responsabilidad, etc. Jesús María Parrado del Olmo.
260 ## - PUBLICACIÓN, DISTRIBUCIÓN, ETC.
Lugar de publicación, distribución, etc. Valladolid
Nombre del editor, distribuidor, etc. Secretariado de Publicaciones e Intercambio Editorial, Universidad de Valladolid
Fecha de publicación, distribución, etc. 2002
300 ## - DESCRIPCIÓN FÍSICA
Extensión 172 p.
Dimensiones 22 cm.
440 #0 - MENCIÓN DE SERIE/PUNTO DE ACCESO ADICIONAL--TÍTULO
Título Acceso al saber.
Nombre de parte o sección de la obra Serie Arte, arquitectura y urbanismo
Designación de volumen o secuencia 2
9 (RLIN) 4137
504 ## - NOTA DE BIBLIOGRAFÍA, ETC.
Nota de bibliografía, etc. Bibliografía: p. 163-172
650 14 - PUNTO DE ACCESO ADICIONAL DE MATERIA--TÉRMINO DE MATERIA
Término de materia o nombre geográfico como elemento de entrada Escultura española
Subdivisión cronológica Siglo XVI
Subdivisión geográfica España
9 (RLIN) 4138
650 14 - PUNTO DE ACCESO ADICIONAL DE MATERIA--TÉRMINO DE MATERIA
Término de materia o nombre geográfico como elemento de entrada Estudios de artistas
Subdivisión general Historia
Subdivisión cronológica Siglo XVI
Subdivisión geográfica España
9 (RLIN) 4139
942 ## - ELEMENTOS DE PUNTO DE ACCESO ADICIONAL (KOHA)
Fuente del sistema de clasificación o colocación Library of Congress Classification
Tipo de ítem Koha Libros
Holdings
Estado de retiro Estado de pérdida Estado dañado No para préstamo Localización permanente Ubicación/localización actual Fecha de adquisición Total de préstamos Signatura topográfica completa Código de barras Fecha visto por última vez Precio válido a partir de Tipo de ítem Koha
El ejemplar forma parte de la colección y puede ser consultado según las políticas vigentes.       Biblioteca del Museo Franz Mayer (Rogerio Casas-Alatriste) Biblioteca del Museo Franz Mayer (Rogerio Casas-Alatriste) 26/06/2008   NB809 .P37 2002 01757 22/03/2019 22/03/2019 Libros